000 00476nam a22001697a 4500
999 _c164299
_d164299
005 20190515165829.0
010 _aA-937266
020 _a8126004169
_c25.00
035 _aA-937266
037 _bSahitya Akademi.
082 _a881.092
100 _aRaghavan, A Srinivasa.
245 _aMakers of indian literature nammalvar /
_cA. Srinivasa Raghavan.
260 _bSahitya Akademi.
_c1974
300 _a96p
_c21cm (fbk)
942 _2ddc
_cEN
_h881.092
_mNAH